000 01079cam a2200325u 4500
001 8791329
003 OSt
005 20260429155346.0
008 810330s1942 nyu 000 0 eng
010 _a 42017126
020 _a0892073209
035 _a8791329
040 _aDLC
_cFoundation University
050 0 0 _aN 5630
_bG84 .2004
100 1 _aGuggenheim, Peggy,
_d1898-1979.
_915723
245 0 0 _aArt of this century;
260 _aNew York,
_bArt of this century
_c2004
264 _42004
300 _a396 p.:
_3books
_bcol. ill.
_c24 cm
_fbooks
336 _atext
_btxt
_2rdacontent
_3books
337 _aunmediated
_bn
_2rdamedia
_3books
338 _avolume
_bnc
_2rdacarrier
_3books
650 0 _aArt, Modern
_y20th century
_xHistory.
_915580
650 0 _aModernism (Art)
_914030
650 0 _aArt
_xPrivate collections.
_915724
710 1 _aNew York.
_tArt of this century.
_915725
906 _a0
_bcbc
_cpremunv
_du
_encip
_f19
_gy-gencatlg
942 _2lcc
_cBK
_hN 5630
_i.2004 G84
_k(DAFA-FA)
999 _c5821
_d5821